El deber de comunicacin̤ en la publicidad digital empresarial

Bibliographic Details
Main Author: Escobar Mora, Camilo Alfonso
Format: eBook
Language:Spanish
Published: Barcelona: J.M. Bosch Editor, 2019
Subjects:
Online Access:Acceso restringido

MARC

LEADER 00000nam a22000007a 4500
005 2020030303323.0
007 cr|||| ||||
008 200303s2019 es |||||s|||| 00||0 spa d
020 |a 978-84-121029-3-2 
035 |a 31112 
040 |a vLex 
090 |c 10161  |d 10161 
100 1 |a Escobar Mora, Camilo Alfonso 
245 1 2 |a  El deber de comunicacin̤ en la publicidad digital empresarial  |h [Recurso electrn̤ico] /  |c Camilo Alfonso Escobar Mora 
256 |a Servicio en ln̕ea 
260 |a Barcelona:  |b J.M. Bosch Editor,  |c 2019 
300 |a 1 recurso electrn̤ico 
500 |a Este libro surge de la necesidad de hacer que el consumidor comprenda la naturaleza, el contenido y el alcance (jurd̕ico) de la publicidad digital que le comunica la empresa mercantil (comercial). Por eso, crea un deber jurd̕ico. El deber de comunicacin̤. La forma jurd̕ica que hace que el consumidor recepcione, perciba y comprenda vl̀idamente (jurd̕icamente) la (cada) publicidad digital empresarial. Haciendo que exista un acuerdo del lenguaje vl̀ido entre la empresa y el consumidor en relacin̤ con esa publicidad. Acuerdo que existe cuando exista el goce de los derechos y el cumplimiento de los deberes aplicables (procedentes) en el tiempo y el espacio de la forma en la que se comunique la (cada) publicidad. Su fundamento (estructural) se enfoca en la publicidad digital empresarial, pero es aplicable en cualquier caso en el que exista una comunicacin̤. Su finalidad es aportar a la calidad de vida del ser humano y de su entorno por medio de la existencia de la validez, la eficacia y la seguridad jurd̕ica en la comunicacin̤ (de la publicidad digital empresarial). 
506 1 |a Disponible solo en los productos indicados  |d vLex Global  |d vLex Global (Academic Edition, excluding Law Schools)  |d vLex Global (U.S. Academic Edition, Law Schools)  |d vLex Global (U.S. Academic Edition, excluding Law Schools)  |d vLex Global (Academic Edition, Law Schools) 
650 0 4 |a Derecho de las Nuevas Tecnologa̕s  |z Espaą 
650 0 4 |a Telecomunicaciones  |z Espaą 
740 0 |a vLex Libros (Servicio en ln̕ea) 
856 4 0 |u http://vlex.com/source/deber-de-comunicacion-en-la-publicidad-digital-empresarial-31112  |z Acceso restringido 
942 |c BOOK 
999 0 |a New Technology Law 
999 0 |a Telecommunications